000 00265nam a22001097a 4500
008 170111b xxu||||| |||| 00| 0 eng d
020 _a9780763778484
041 _aeng
080 _a618.2
245 _aCRITICAL CARE NURSING PRACTICE GUIDE
_cSIMON, E
942 _2udc
_cBK
999 _c2703
_d2703